[Event "Bayern-chI Bank Hofmann 26th"]
[Site "Tegernsee"]
[Date "2023.11.03"]
[Round "7"]
[White "Vogel, Roven"]
[Black "Gopal, Geetha Narayanan"]
[Result "1/2-1/2"]
[WhiteElo "2471"]
[BlackElo "2573"]
[PlyCount "162"]
[EventDate "2023.10.28"]
[EventType "swiss"]
[EventRounds "9"]
[EventCountry "GER"]
[SourceTitle "Mega2024 Update 01"]
[Source "Chessbase"]
[SourceDate "2023.11.12"]
[SourceVersion "1"]
[SourceVersionDate "2023.11.12"]
[SourceQuality "1"]

1. Nf3 d5 2. e3 Nf6 3. c4 c6 4. d4 Bf5 5. Nc3 e6 6. Be2 h6 7. 0-0 Nbd7 8. Bd3 Bxd3 9. Qxd3 Bb4 10. Bd2 Ba5 11. b4 Bc7 12. b5 0-0 13. bxc6 bxc6 14. cxd5 cxd5 15. Nb5 Ba5 16. Qa3 Bxd2 17. Nxd2 a6 18. Nc3 Qb6 19. Rab1 Qa7 20. Na4 Rfc8 21. Rfc1 Rc7 22. Nb3 Rac8 23. Rxc7 Rxc7 24. Nbc5 Nxc5 25. Nxc5 Nd7 26. Nd3 Qa8 27. h3 Qc8 28. Rb3 Kh7 29. Qd6 Rc2 30. Qf4 Nf6 31. Nc5 Nd7 32. Qxf7 Nxc5 33. dxc5 Rxc5 34. Rb7 Qg8 35. Qe7 Rc1+ 36. Kh2 Rc2 37. f4 Rxa2 38. Rd7 Rb2 39. Rd6 Qc8 40. Rd7 Qg8 41. Rd8 Rb7 42. Qd6 Qf7 43. Qxa6 Rd7 44. Rc8 d4 45. Qa8 g6 46. Rf8 Qg7 47. exd4 Qxd4 48. Qe8 Qg7 49. Rh8+ Qxh8 50. Qxd7+ Qg7 51. Qxe6 Qc7 52. Kg3 Qc2 53. Qf7+ Kh8 54. Qd5 Kg7 55. Kh4 Qf2+ 56. g3 Qc2 57. Qd4+ Kg8 58. Qe5 Qd3 59. Qe6+ Kg7 60. Qe7+ Kg8 61. Qf6 Qc2 62. Qe6+ Kg7 63. Qe7+ Kg8 64. Qe3 Kg7 65. g4 Kf7 66. Kg3 Kg8 67. h4 Qd1 68. f5 Qd6+ 69. Kh3 gxf5 70. gxf5 Kf7 71. Qf3 Kf6 72. Kg4 Qc5 73. Qe4 h5+ 74. Kxh5 Qxf5+ 75. Qxf5+ Kxf5 76. Kh6 Kf6 77. h5 Kf7 78. Kh7 Kf8 79. h6 Kf7 80. Kh8 Kg6 81. h7 Kf7 1/2-1/2

[Event "Bayern-chI Bank Hofmann 26th"]
[Site "Tegernsee"]
[Date "2023.11.01"]
[Round "5"]
[White "Kargin, Arseny"]
[Black "Gopal, Geetha Narayanan"]
[Result "0-1"]
[WhiteElo "2391"]
[BlackElo "2573"]
[PlyCount "58"]
[EventDate "2023.10.28"]
[EventType "swiss"]
[EventRounds "9"]
[EventCountry "GER"]
[SourceTitle "Mega2024 Update 01"]
[Source "Chessbase"]
[SourceDate "2023.11.12"]
[SourceVersion "1"]
[SourceVersionDate "2023.11.12"]
[SourceQuality "1"]

1. e4 c5 2. Nf3 d6 3. d4 cxd4 4. Nxd4 Nf6 5. Nc3 a6 6. Be3 e5 7. Nb3 Be7 8. f3 Be6 9. Qd2 h5 10. Nd5 Nxd5 11. exd5 Bf5 12. 0-0-0 Nd7 13. Kb1 Rc8 14. Bd3 Bxd3 15. Qxd3 Bg5 16. Bf2 Qc7 17. h4 Bh6 18. Rhe1 0-0 19. g4 hxg4 20. fxg4 Bf4 21. h5 Nf6 22. c3 Nxg4 23. Qf3 f5 24. Nd2 Qf7 25. Rh1 Bh6 26. Bh4 e4 27. Qg3 Ne3 28. Qxd6 Nxd1 29. Rxd1 Qxh5 0-1

[Event "Bayern-chI Bank Hofmann 26th"]
[Site "Tegernsee"]
[Date "2023.10.31"]
[Round "4"]
[White "Gopal, Geetha Narayanan"]
[Black "Kurmangaliyeva, Liya"]
[Result "1-0"]
[WhiteElo "2573"]
[BlackElo "2236"]
[PlyCount "73"]
[EventDate "2023.10.28"]
[EventType "swiss"]
[EventRounds "9"]
[EventCountry "GER"]
[SourceTitle "Mega2024 Update 01"]
[Source "Chessbase"]
[SourceDate "2023.11.12"]
[SourceVersion "1"]
[SourceVersionDate "2023.11.12"]
[SourceQuality "1"]

1. e4 e5 2. Nf3 Nc6 3. Bb5 a6 4. Ba4 Nf6 5. 0-0 Bc5 6. c3 b5 7. Bb3 d6 8. d4 Bb6 9. Be3 0-0 10. Nbd2 Re8 11. Re1 exd4 12. cxd4 Bg4 13. h3 Bxf3 14. Nxf3 h6 15. Rc1 Na5 16. e5 Nxb3 17. Qxb3 Nd7 18. exd6 cxd6 19. Rc6 Nf6 20. Rec1 Ra7 21. a4 Rb7 22. axb5 axb5 23. Qxb5 Rb8 24. Qf5 Ba5 25. R1c2 Bb4 26. Ra6 Re4 27. Rac6 Re8 28. R6c4 Ba5 29. d5 Bb6 30. Bxb6 Qxb6 31. Rc6 Qb4 32. Qd3 Ra8 33. g3 g6 34. Kg2 Ra5 35. R6c4 Qb7 36. Qc3 Rxd5 37. Rc7 1-0

[Event "Pardubice Czech op-A 34th"]
[Site "Pardubice"]
[Date "2023.07.29"]
[Round "9"]
[White "Gopal, Geetha Narayanan"]
[Black "Vykouk, Jan"]
[Result "1-0"]
[WhiteElo "2571"]
[BlackElo "2467"]
[PlyCount "61"]
[EventDate "2023.07.21"]
[EventType "swiss"]
[EventRounds "9"]
[EventCountry "CZE"]
[SourceTitle "CBM 215 Extra"]
[Source "ChessBase"]
[SourceDate "2023.09.30"]
[SourceVersion "1"]
[SourceVersionDate "2023.09.30"]
[SourceQuality "1"]

1. e4 c6 2. d4 d5 3. e5 Bf5 4. Nf3 e6 5. Be2 h6 6. 0-0 Ne7 7. Nbd2 Nd7 8. Nb3 g5 9. a4 Qc7 10. Bd2 a5 11. c3 Bg7 12. Ne1 c5 13. f4 c4 14. Nc1 gxf4 15. Kh1 Ng6 16. Bh5 Qb6 17. Ne2 Qxb2 18. Nxf4 0-0-0 19. Nxd5 Nc5 20. Ne3 Nxe5 21. Nxf5 exf5 22. Rb1 Qa2 23. Rxf5 Ne4 24. Rxe5 Nf2+ 25. Kg1 Nxd1 26. Rc5+ Kd7 27. Rxb7+ Ke8 28. Rxf7 Rh7 29. Rcc7 Bxd4+ 30. cxd4 Rd5 31. Rc8+ 1-0

[Event "Benasque op 42nd"]
[Site "Benasque"]
[Date "2023.07.14"]
[Round "10"]
[White "Gopal, Geetha Narayanan"]
[Black "Marin, Mihail"]
[Result "1-0"]
[WhiteElo "2571"]
[BlackElo "2449"]
[PlyCount "105"]
[EventDate "2023.07.05"]
[EventType "swiss"]
[EventRounds "9"]
[EventCountry "ESP"]
[SourceTitle "EXT 2024"]
[Source "ChessBase"]
[SourceDate "2023.10.10"]
[SourceVersion "1"]
[SourceVersionDate "2023.10.10"]
[SourceQuality "1"]

1. e4 g6 2. d4 Bg7 3. Nc3 d6 4. Be3 a6 5. h4 Nf6 6. h5 Nxh5 7. Rxh5 gxh5 8. Qxh5 Nd7 9. Bc4 0-0 10. Nf3 Nf6 11. Qh4 b5 12. Bd3 e5 13. Bg5 h6 14. Bxh6 Ng4 15. Bg5 f6 16. Bd2 c6 17. 0-0-0 Qe8 18. dxe5 fxe5 19. Ng5 Rxf2 20. Be2 Qg6 21. Bxg4 Rxd2 22. Rxd2 Bh6 23. Bxc8 Rxc8 24. Kb1 Rf8 25. Rd1 Qxg5 26. Qh3 b4 27. Ne2 Rf2 28. Ng3 Bf8 29. Qe6+ Rf7 30. Nf5 Qf6 31. Qe8 d5 32. Rf1 Kh8 33. g4 dxe4 34. g5 Qxf5 35. Qxf7 Qxf7 36. Rxf7 Bc5 37. Kc1 Bd4 38. b3 Kg8 39. Rf6 c5 40. Rxa6 Kg7 41. Kd2 Kf7 42. Ke2 Kg7 43. Rh6 Kf7 44. Rh4 e3 45. Rg4 Kg6 46. Rg2 e4 47. Rg3 Be5 48. Rxe3 Kf5 49. g6 Bg7 50. Rg3 Kf4 51. Rg1 Kf5 52. Rf1+ Kxg6 53. Ke3 1-0

[Event "Benasque op 42nd"]
[Site "Benasque"]
[Date "2023.07.06"]
[Round "2"]
[White "Gopal, Geetha Narayanan"]
[Black "Robledo Sanchez, Carlos"]
[Result "1-0"]
[WhiteElo "2571"]
[BlackElo "2084"]
[PlyCount "59"]
[EventDate "2023.07.05"]
[EventType "swiss"]
[EventRounds "9"]
[EventCountry "ESP"]
[SourceTitle "EXT 2024"]
[Source "ChessBase"]
[SourceDate "2023.10.10"]
[SourceVersion "1"]
[SourceVersionDate "2023.10.10"]
[SourceQuality "1"]

1. e4 c5 2. Nf3 d6 3. d4 cxd4 4. Nxd4 Nf6 5. Nc3 Nc6 6. Bg5 e6 7. Qd2 a6 8. 0-0-0 Bd7 9. f3 Be7 10. h4 h6 11. Be3 h5 12. Nxc6 Bxc6 13. Bg5 Qa5 14. Kb1 Rd8 15. Bd3 b5 16. Rhe1 b4 17. Ne2 Qb6 18. Be3 Qb7 19. Nd4 Bd7 20. Bg5 a5 21. f4 Qb6 22. Bc4 Rc8 23. b3 Rc5 24. Qe2 d5 25. Bxf6 Bxf6 26. exd5 0-0 27. dxe6 fxe6 28. Bxe6+ Bxe6 29. Qxe6+ Qxe6 30. Nxe6 1-0

[Event "IND-chT 42nd"]
[Site "Pollachi"]
[Date "2023.02.11"]
[Round "3.1"]
[White "Gopal, Geetha Narayanan"]
[Black "Pranesh, M."]
[Result "1-0"]
[WhiteElo "2589"]
[BlackElo "2504"]
[PlyCount "77"]
[EventDate "2023.02.10"]
[EventType "team-swiss"]
[EventRounds "9"]
[EventCountry "IND"]
[SourceTitle "CBM 212 Extra"]
[Source "ChessBase"]
[SourceDate "2023.03.31"]
[SourceVersion "1"]
[SourceVersionDate "2023.03.31"]
[SourceQuality "1"]
[WhiteTeam "PSPB"]
[BlackTeam "Tamil Nadu II"]
[WhiteTeamCountry "IND"]
[BlackTeamCountry "IND"]

1. e4 e5 2. Nf3 Nc6 3. Bb5 a6 4. Ba4 d6 5. 0-0 Bd7 6. c3 g6 7. d4 Bg7 8. Re1 Nf6 9. h3 0-0 10. Bc2 Re8 11. Nbd2 b5 12. Nf1 Qb8 13. Ng3 a5 14. Bg5 h6 15. Be3 Kh7 16. Qd2 b4 17. Rab1 exd4 18. cxd4 a4 19. Bd3 Na5 20. Rbc1 Re7 21. e5 Nd5 22. Nh5 Nxe3 23. Rxe3 Qb6 24. Nf6+ Bxf6 25. exf6 Rxe3 26. Qxe3 Nc6 27. Qf4 Ra5 28. Be4 b3 29. a3 Rh5 30. Qe3 Nd8 31. d5 Qxe3 32. fxe3 Bf5 33. Bxf5 Rxf5 34. e4 Rxf6 35. Rxc7 Kg7 36. Rd7 Ne6 37. dxe6 Rxe6 38. Nd2 Kf8 39. Ra7 1-0

[Event "Bayern-chI Bank Hofmann 25th"]
[Site "Tegernsee"]
[Date "2022.11.09"]
[Round "5"]
[White "Schneider, Jana"]
[Black "Gopal, Geetha Narayanan"]
[Result "0-1"]
[WhiteElo "2284"]
[BlackElo "2589"]
[PlyCount "120"]
[EventDate "2022.11.05"]
[EventType "swiss"]
[EventRounds "9"]
[EventCountry "GER"]
[SourceTitle "CBM 211 Extra"]
[Source "ChessBase"]
[SourceDate "2023.01.31"]
[SourceVersion "1"]
[SourceVersionDate "2023.01.31"]
[SourceQuality "1"]

1. e4 c5 2. Nf3 d6 3. d4 cxd4 4. Nxd4 Nf6 5. Nc3 a6 6. Nb3 Nbd7 7. g4 h6 8. Be3 b5 9. Bg2 Bb7 10. Qe2 e6 11. a3 Rc8 12. Bd2 Qc7 13. h4 Ne5 14. g5 hxg5 15. hxg5 Rxh1+ 16. Bxh1 Nfd7 17. 0-0-0 Nc4 18. f4 g6 19. f5 Bg7 20. Qh2 Be5 21. Qh3 Nxd2 22. Rxd2 Bxc3 23. bxc3 Qxc3 24. Qxc3 Rxc3 25. fxe6 fxe6 26. Na5 Bc8 27. Rxd6 Ne5 28. Kb2 Rg3 29. Rd2 Rxg5 30. Kc3 Ke7 31. Kb4 Bd7 32. Bg2 Rg3 33. Bf1 g5 34. c4 Re3 35. cxb5 axb5 36. Bxb5 Bxb5 37. Kxb5 Rxa3 38. Rg2 Kf6 39. Nc4 Rb3+ 40. Ka4 Rf3 41. Nxe5 Kxe5 42. Rxg5+ Kxe4 43. Kb4 e5 44. Kc4 Kf4 45. Rg8 e4 46. Re8 Rd3 47. Rh8 Rd7 48. Rh4+ Kf3 49. Rh3+ Kf2 50. Rh2+ Kg3 51. Rh8 e3 52. Rg8+ Kf2 53. Rf8+ Ke1 54. Kc3 e2 55. Kc2 Rc7+ 56. Kb2 Rc5 57. Rf7 Kd2 58. Rd7+ Ke3 59. Re7+ Kd3 60. Re8 Rc4 0-1

[Event "Bayern-chI Bank Hofmann 25th"]
[Site "Tegernsee"]
[Date "2022.11.06"]
[Round "2"]
[White "Gopal, Geetha Narayanan"]
[Black "Hinterreiter, Markus"]
[Result "1/2-1/2"]
[WhiteElo "2589"]
[BlackElo "2191"]
[PlyCount "187"]
[EventDate "2022.11.05"]
[EventType "swiss"]
[EventRounds "9"]
[EventCountry "GER"]
[SourceTitle "CBM 211 Extra"]
[Source "ChessBase"]
[SourceDate "2023.01.31"]
[SourceVersion "1"]
[SourceVersionDate "2023.01.31"]
[SourceQuality "1"]

1. e4 c5 2. Nf3 d6 3. d4 cxd4 4. Nxd4 Nf6 5. Nc3 a6 6. Be3 e5 7. Nf3 Be7 8. Bc4 Be6 9. Bb3 Nbd7 10. 0-0 Rc8 11. Qe2 Qc7 12. Rfd1 0-0 13. Bg5 Bc4 14. Bxc4 Qxc4 15. Qxc4 Rxc4 16. Nd2 Rc5 17. Nf1 Rfc8 18. Ne3 Bf8 19. f3 b5 20. a3 g6 21. Kf1 Kg7 22. Bh4 h6 23. Rd2 Nh5 24. Ncd5 Rb8 25. c3 a5 26. b4 Rc6 27. Rda2 Ra6 28. a4 axb4 29. cxb4 Rxa4 30. Rxa4 bxa4 31. Rxa4 Nb6 32. Nxb6 Rxb6 33. Nd5 Rb8 34. Ke2 Nf4+ 35. Nxf4 exf4 36. Be1 Kf6 37. Kd3 Ke6 38. Ra5 Be7 39. Bc3 Bd8 40. Ra6 g5 41. e5 Be7 42. Kc4 Rc8+ 43. Kb3 Rb8 44. exd6 Bxd6 45. Ra2 h5 46. Ra5 f5 47. b5 Kd5 48. Bb4 Bxb4 49. Kxb4 Kd4 50. Ra3 g4 51. h3 Rb7 52. Rb3 Rb8 53. Ra3 Rb7 54. Rb3 Rb8 55. h4 Rb7 56. Ra3 Rb8 57. Rb3 Rb7 58. Rb2 Rb8 59. Re2 Rb7 60. Re6 Ra7 61. b6 Ra1 62. Kb5 Kd5 63. Re2 gxf3 64. gxf3 Rb1+ 65. Ka6 Ra1+ 66. Kb7 Ra3 67. Rd2+ Ke5 68. Rf2 Kd4 69. Kc7 Rc3+ 70. Kb8 Rb3 71. b7 Ke3 72. Rh2 Rb1 73. Rh3 Kf2 74. Rh2+ Kxf3 75. Kc7 Kg3 76. Rh1 Rb2 77. b8Q Rxb8 78. Kxb8 f3 79. Kc7 f2 80. Kd6 Kg2 81. Ra1 f1Q 82. Rxf1 Kxf1 83. Ke5 Ke2 84. Kxf5 Ke3 85. Ke5 Kf3 86. Kf5 Ke3 87. Kg5 Ke4 88. Kxh5 Kf5 89. Kh6 Kf6 90. Kh7 Kf7 91. h5 Kf8 92. Kg6 Kg8 93. h6 Kh8 94. h7 1/2-1/2

[Event "Kavala op 31st"]
[Site "Kavala"]
[Date "2022.07.31"]
[Round "7"]
[White "Gopal, Geetha Narayanan"]
[Black "Yilmazyerli, Mert"]
[Result "1/2-1/2"]
[WhiteElo "2593"]
[BlackElo "2520"]
[PlyCount "93"]
[EventDate "2022.07.26"]
[EventType "swiss"]
[EventRounds "9"]
[EventCountry "GRE"]
[SourceTitle "CBM 209 Extra"]
[Source "ChessBase"]
[SourceDate "2022.09.30"]
[SourceVersion "1"]
[SourceVersionDate "2022.09.30"]
[SourceQuality "1"]

1. e4 c5 2. Nf3 Nc6 3. Bb5 e6 4. Bxc6 bxc6 5. d3 Ne7 6. Nbd2 d6 7. e5 Nf5 8. exd6 Bxd6 9. Ne4 Be7 10. Ne5 Qc7 11. Bf4 Qb7 12. Nc4 0-0 13. 0-0 f6 14. b3 e5 15. Bc1 Be6 16. Ba3 Qb5 17. Ne3 Nxe3 18. fxe3 Qa5 19. Bb2 Rad8 20. Bc3 Qc7 21. Qe1 Qd7 22. Nd2 Bd6 23. e4 Bc7 24. Kh1 Rde8 25. Qh4 a6 26. Rf3 Bg4 27. Rf2 Bd8 28. Qg3 Be6 29. Re1 Bb6 30. Rf3 Bg4 31. Rff1 Be6 32. h3 Qd8 33. Re2 Bf7 34. Nf3 Bh5 35. Qh4 Bxf3 36. Rxf3 Ba5 37. Bxa5 Qxa5 38. a4 Rd8 39. Kh2 Kh8 40. Ref2 c4 41. bxc4 Qxa4 42. g4 Qb4 43. g5 fxg5 44. Qxg5 Qd6 45. Rf7 Rxf7 46. Rxf7 Rg8 47. Qe3 1/2-1/2

[Event "Kavala op 31st"]
[Site "Kavala"]
[Date "2022.07.30"]
[Round "6"]
[White "Can, Isik"]
[Black "Gopal, Geetha Narayanan"]
[Result "1/2-1/2"]
[WhiteElo "2445"]
[BlackElo "2593"]
[PlyCount "69"]
[EventDate "2022.07.26"]
[EventType "swiss"]
[EventRounds "9"]
[EventCountry "GRE"]
[SourceTitle "CBM 209 Extra"]
[Source "ChessBase"]
[SourceDate "2022.09.30"]
[SourceVersion "1"]
[SourceVersionDate "2022.09.30"]
[SourceQuality "1"]

1. e4 c5 2. Nf3 d6 3. d4 cxd4 4. Nxd4 Nf6 5. Nc3 a6 6. Bg5 e6 7. f4 h6 8. Bh4 Qb6 9. Qd2 Qxb2 10. Rb1 Qa3 11. e5 dxe5 12. fxe5 Nfd7 13. Ne4 Qxa2 14. Rd1 Qd5 15. Qe3 Qxe5 16. Be2 Bc5 17. Bg3 Qd5 18. c4 Bxd4 19. Rxd4 Qa5+ 20. Rd2 0-0 21. Bd6 f5 22. Nc3 Rf6 23. 0-0 Nc6 24. Kh1 f4 25. Rxf4 Rxf4 26. Bxf4 Nf6 27. c5 Bd7 28. Bxh6 gxh6 29. Rxd7 Nxd7 30. Qxe6+ Kg7 31. Qxd7+ Kf8 32. Qd6+ Kg7 33. Qd7+ Kf8 34. Qf5+ Kg7 35. Qd7+ 1/2-1/2

[Event "Kavala op 31st"]
[Site "Kavala"]
[Date "2022.07.29"]
[Round "5"]
[White "Gopal, Geetha Narayanan"]
[Black "Mixakis, Evangelos"]
[Result "1-0"]
[WhiteElo "2593"]
[BlackElo "1883"]
[PlyCount "93"]
[EventDate "2022.07.26"]
[EventType "swiss"]
[EventRounds "9"]
[EventCountry "GRE"]
[SourceTitle "CBM 209 Extra"]
[Source "ChessBase"]
[SourceDate "2022.09.30"]
[SourceVersion "1"]
[SourceVersionDate "2022.09.30"]
[SourceQuality "1"]

1. e4 Nf6 2. e5 Nd5 3. d4 d6 4. Nf3 dxe5 5. Nxe5 c6 6. Be2 Bf5 7. 0-0 Nd7 8. Nf3 h6 9. Bd3 Bxd3 10. Qxd3 e6 11. c4 N5f6 12. Nc3 Be7 13. Bf4 0-0 14. Rad1 Qa5 15. a3 Nh5 16. Bc1 Bd6 17. g3 Nhf6 18. Rfe1 Rfe8 19. Kg2 Rac8 20. h3 Qa6 21. Ne5 b6 22. Qf3 Qb7 23. Bf4 Bf8 24. Rd3 a6 25. a4 Qa8 26. Ne4 c5 27. Nxd7 Nxd7 28. d5 e5 29. Bxh6 Qb7 30. Bd2 b5 31. b3 Qb6 32. h4 g6 33. g4 Bg7 34. g5 f5 35. gxf6 Nxf6 36. Nxf6+ Bxf6 37. Qg4 Bg7 38. Rg3 bxa4 39. bxa4 Rb8 40. Qxg6 Qxg6 41. Rxg6 Kh7 42. Rc6 Rb2 43. Be3 Ra2 44. Rb1 Rxa4 45. Rb7 Rxc4 46. Rh6+ Kg8 47. Rg6 1-0

[Event "Kavala op 31st"]
[Site "Kavala"]
[Date "2022.07.28"]
[Round "4"]
[White "Kilic, Eray"]
[Black "Gopal, Geetha Narayanan"]
[Result "1-0"]
[WhiteElo "2422"]
[BlackElo "2593"]
[PlyCount "107"]
[EventDate "2022.07.26"]
[EventType "swiss"]
[EventRounds "9"]
[EventCountry "GRE"]
[SourceTitle "CBM 209 Extra"]
[Source "ChessBase"]
[SourceDate "2022.09.30"]
[SourceVersion "1"]
[SourceVersionDate "2022.09.30"]
[SourceQuality "1"]

1. e4 c5 2. Nf3 d6 3. Bb5+ Nd7 4. d4 cxd4 5. Nxd4 Ngf6 6. 0-0 a6 7. Bd3 Nc5 8. Nc3 e6 9. Be3 Be7 10. f4 Qc7 11. Nb3 Nxd3 12. cxd3 b5 13. Rc1 Qd8 14. e5 dxe5 15. fxe5 Nd5 16. Nxd5 Qxd5 17. Qg4 0-0 18. Rc7 Qxe5 19. Bd4 Qg5 20. Qf3 Bd6 21. Rxf7 Bd7 22. Bxg7 Bc6 23. Qxc6 Rxf7 24. Qxa8+ Kxg7 25. Rxf7+ Kxf7 26. Qf3+ Ke7 27. Qb7+ Kf6 28. Qf3+ Ke7 29. g3 h5 30. Kg2 Qe5 31. d4 Qg5 32. Qe4 Kf6 33. Kf3 b4 34. Ke2 Qb5+ 35. Qd3 Qd5 36. Qf3+ Kg5 37. Qxd5+ exd5 38. Kf3 h4 39. Nc5 hxg3 40. hxg3 a5 41. Ne6+ Kf5 42. Nf4 Bxf4 43. gxf4 a4 44. Kg3 Ke4 45. Kg4 Kd3 46. f5 Kc2 47. b3 a3 48. f6 Kb2 49. f7 Kxa2 50. f8Q Kxb3 51. Qc5 a2 52. Qc1 Ka4 53. Qb2 b3 54. Kf4 1-0

[Event "IND-ch Blitz"]
[Site "Nashik"]
[Date "2022.04.30"]
[Round "3"]
[White "Dixit, Nikhil"]
[Black "Gopal, Geetha Narayanan"]
[Result "0-1"]
[WhiteElo "2331"]
[BlackElo "2593"]
[PlyCount "140"]
[EventDate "2022.04.30"]
[EventType "swiss (blitz)"]
[EventRounds "11"]
[EventCountry "IND"]
[SourceTitle "CBM 208 Extra"]
[Source "ChessBase"]
[SourceDate "2022.07.31"]
[SourceVersion "1"]
[SourceVersionDate "2022.07.31"]
[SourceQuality "1"]

1. e4 c5 2. Nf3 d6 3. Bb5+ Nd7 4. d4 cxd4 5. Qxd4 a6 6. Bxd7+ Bxd7 7. Nc3 e5 8. Qd3 Rc8 9. 0-0 h6 10. Rd1 Nf6 11. Nd2 Bg4 12. f3 Be6 13. Nf1 Be7 14. Ne3 Qc7 15. a4 0-0 16. Bd2 Qc5 17. Be1 Rfd8 18. Bf2 Qb4 19. Rab1 Bc4 20. Qd2 Be6 21. Ncd5 Nxd5 22. Nxd5 Qxd2 23. Nxe7+ Kf8 24. Rxd2 Kxe7 25. Rbd1 Rc6 26. a5 f6 27. c3 Rdc8 28. Bb6 g5 29. Kf2 h5 30. Ke3 f5 31. exf5 Bxf5 32. h3 Be6 33. Kf2 Rf8 34. Kg3 Rg8 35. Kf2 g4 36. hxg4 hxg4 37. Rh1 Rg7 38. Ke3 gxf3 39. gxf3 Rc4 40. Rdh2 Rf4 41. Rh7 Rff7 42. Rxg7 Rxg7 43. Rh2 Bd5 44. Rf2 Rg3 45. Ke2 Ke6 46. Ke3 Bc6 47. Ke2 Kf5 48. Ke3 Rh3 49. Bc7 Ke6 50. Bb6 Kf5 51. Bc7 d5 52. Bb6 Be8 53. Rd2 Bc6 54. Rf2 e4 55. Bd4 Be8 56. Kd2 exf3 57. Ke3 Bh5 58. Rf1 Rh2 59. Rf2 Rh1 60. b4 Bg4 61. Kd2 Ra1 62. Ke3 Re1+ 63. Kd2 Re4 64. Rh2 Kf4 65. Rh8 Re2+ 66. Kc1 f2 67. Rf8+ Kg3 68. Rf7 Re1+ 69. Kd2 f1Q 70. Rxf1 Rxf1 0-1

[Event "IND-ch Blitz"]
[Site "Nashik"]
[Date "2022.04.30"]
[Round "6"]
[White "Gopal, Geetha Narayanan"]
[Black "Sammed Jaykumar, Shete"]
[Result "0-1"]
[WhiteElo "2593"]
[BlackElo "2410"]
[PlyCount "96"]
[EventDate "2022.04.30"]
[EventType "swiss (blitz)"]
[EventRounds "11"]
[EventCountry "IND"]
[SourceTitle "CBM 208 Extra"]
[Source "ChessBase"]
[SourceDate "2022.07.31"]
[SourceVersion "1"]
[SourceVersionDate "2022.07.31"]
[SourceQuality "1"]

1. e4 c5 2. Nf3 d6 3. d4 cxd4 4. Nxd4 Nf6 5. Nc3 Nc6 6. Bg5 e6 7. Qd2 a6 8. 0-0-0 Be7 9. f4 Bd7 10. Nf3 h6 11. Bxf6 gxf6 12. Kb1 b5 13. f5 Qb6 14. Ne2 0-0-0 15. Nf4 Rhe8 16. Bd3 Kb8 17. c3 Bc8 18. Bc2 Ne5 19. Bb3 d5 20. exd5 Nxf3 21. gxf3 e5 22. Ne2 Bxf5+ 23. Bc2 Be6 24. Bb3 Bf8 25. Qc2 Bc8 26. Ng3 f5 27. Nxf5 Qf6 28. Ng3 Qxf3 29. Rhf1 Qg4 30. Rxf7 e4 31. Rd4 Qg6 32. Rf4 Bd6 33. Rfxe4 Qf7 34. Rxe8 Rxe8 35. a3 Bxg3 36. Ka2 Bd6 37. a4 Bd7 38. Qd3 Qf2 39. Re4 Rc8 40. axb5 axb5 41. Rd4 Rf8 42. Re4 Qa7+ 43. Kb1 Rg8 44. Re1 Qf2 45. Bc2 Qxe1+ 46. Ka2 Kc7 47. Qd4 Ra8+ 48. Kb3 Qa1 0-1

[Event "IND-ch Rapid"]
[Site "Nashik"]
[Date "2022.04.28"]
[Round "4"]
[White "Gajwa, Ankit"]
[Black "Gopal, Geetha Narayanan"]
[Result "1-0"]
[WhiteElo "2245"]
[BlackElo "2593"]
[PlyCount "127"]
[EventDate "2022.04.27"]
[EventType "swiss (rapid)"]
[EventRounds "9"]
[EventCountry "IND"]
[SourceTitle "CBM 208 Extra"]
[Source "ChessBase"]
[SourceDate "2022.07.31"]
[SourceVersion "1"]
[SourceVersionDate "2022.07.31"]
[SourceQuality "1"]

1. e4 c5 2. Nf3 d6 3. d4 cxd4 4. Nxd4 Nf6 5. Nc3 a6 6. Bg5 e6 7. f4 Qb6 8. Qd2 Nc6 9. Bxf6 gxf6 10. Nb3 Bd7 11. 0-0-0 0-0-0 12. Kb1 Kb8 13. Be2 Rg8 14. Bh5 Rg7 15. g3 Be7 16. Rhe1 Na5 17. f5 Nc4 18. Qd4 Qc7 19. Rf1 Rc8 20. fxe6 fxe6 21. Rf2 Rg5 22. Be2 Ne5 23. Rdf1 h5 24. a3 Rh8 25. Rf4 Rg7 26. Qd1 Ng6 27. Rxf6 Bxf6 28. Rxf6 h4 29. Nd4 hxg3 30. hxg3 Nf8 31. Bg4 Qd8 32. Qf3 Rxg4 33. Rxf8 Rxf8 34. Qxg4 e5 35. Nf5 Bxf5 36. exf5 Qd7 37. Nd5 Qxf5 38. Qb4 Qe6 39. c4 Rc8 40. Ka2 e4 41. Ne3 Qe5 42. g4 Rf8 43. Nd5 Rd8 44. Qb6 Rd7 45. Nb4 Kc8 46. Nd5 Kb8 47. Nb4 Kc8 48. Nd5 Rg7 49. Qa7 Rxg4 50. Qa8+ Kd7 51. Qxb7+ Kd8 52. Qc7+ Ke8 53. Qc8+ Kf7 54. Qxg4 Qd4 55. Qf5+ Kg7 56. Qg5+ Kf7 57. Ne3 a5 58. Qd5+ Qxd5 59. cxd5 Kf6 60. b4 axb4 61. axb4 Ke7 62. Kb3 Kd7 63. Kc4 Kc7 64. Kd4 1-0

[Event "IND-ch Rapid"]
[Site "Nashik"]
[Date "2022.04.28"]
[Round "5"]
[White "Gopal, Geetha Narayanan"]
[Black "Aradhya, Garg"]
[Result "1/2-1/2"]
[WhiteElo "2593"]
[BlackElo "2295"]
[PlyCount "131"]
[EventDate "2022.04.27"]
[EventType "swiss (rapid)"]
[EventRounds "9"]
[EventCountry "IND"]
[SourceTitle "CBM 208 Extra"]
[Source "ChessBase"]
[SourceDate "2022.07.31"]
[SourceVersion "1"]
[SourceVersionDate "2022.07.31"]
[SourceQuality "1"]

1. e4 e5 2. Nf3 Nc6 3. Bb5 a6 4. Ba4 Bc5 5. c3 Nge7 6. 0-0 Ng6 7. d4 Ba7 8. Bg5 f6 9. Be3 d6 10. Nbd2 0-0 11. Re1 Kh8 12. h3 Bd7 13. Nf1 Qe8 14. Bc2 Nd8 15. Ng3 Ne6 16. a4 Ngf4 17. b4 Ng5 18. Bxf4 exf4 19. Nf5 g6 20. N5h4 Qe7 21. Qd2 Ne6 22. Nf5 Qf7 23. Bb3 Rae8 24. Nh2 Bb8 25. Rad1 c6 26. Nf3 d5 27. exd5 cxd5 28. Nh6 Qg7 29. Ng4 h5 30. Ngh2 g5 31. Qd3 Nc7 32. Bc2 b5 33. axb5 Nxb5 34. Ra1 Nd6 35. Qg6 Rxe1+ 36. Rxe1 Qxg6 37. Bxg6 Ne4 38. Bxh5 Nxc3 39. Re7 Bf5 40. Ng4 Bd6 41. Ra7 Bxg4 42. hxg4 Bxb4 43. Rxa6 Ne4 44. Ra7 Nd2 45. Rd7 Rc8 46. Rxd5 Rc1+ 47. Kh2 Nf1+ 48. Kh3 Nd2 49. Rd8+ Kg7 50. Rd7+ Kg8 51. Kh2 Ne4 52. g3 Rc2 53. Bf7+ Kf8 54. Kg1 Rxf2 55. Bd5 Rxf3 56. Bxe4 Rxg3+ 57. Kf2 Rxg4 58. Bg6 Rh4 59. Rf7+ Kg8 60. Rxf6 Bc3 61. Rf5 Bxd4+ 62. Kf3 Kg7 63. Rxg5 Kf6 64. Rg4 Rxg4 65. Kxg4 Kxg6 66. Kxf4 1/2-1/2